Movie Characters by Picture - Statistics

General Stats
  • This quiz has been taken 12 times
  • The average score is 6 of 12
Answer Stats
Picture Answer % Correct
Marty McFly
100%
Peter Parker
82%
Thomas Anderson / Neo
82%
Django
64%
Tyler Durden
45%
Bubba
36%
Dominic Toretto
36%
Bruce Wayne
27%
Leslie Chow
27%
Michael Corleone
27%
Hans Landa
18%
Jordan Belfort
18%
No matching quizzes found
Score Distribution
Percent of People with Each Score
Percentile by Number Answered
Your Score History
You have not taken this quiz